| 000 | 00543nam a22001817a 4500 | ||
|---|---|---|---|
| 008 | 161007b xxu||||| |||| 00| 0 eng d | ||
| 020 | _a9780321696588 | ||
| 020 | _a0321696581 | ||
| 050 | _a RA 784 .B552 2012 | ||
| 100 | _aBlake, Joan Salge | ||
| 245 |
_aNutrition and you/ _cJoan Salge Blake |
||
| 250 | _a2nd ed. | ||
| 260 |
_aBoston : _bPearson , _cc2012 |
||
| 300 |
_axxi, 613p. : _bill. ; |
||
| 500 | _aIncludes references and index. | ||
| 650 |
_a Nutrition _xTextbook |
||
| 942 |
_2lcc _cBOOKS _h RA 784 .B552 2012 |
||
| 999 |
_c14648 _d14648 |
||